Statistics for Countries where the Netherlands is the largest trading partner

Click here to take the quiz!

General Stats

  • This quiz has been taken 35 times
  • The average score is 3 of 6

Answer Stats

CountryExports Percentage% Correct
Belgium16.7%
93%
Germany13.7%
90%
Russia11.9%
50%
Iceland26.1%
37%
Equatorial Guinea16.9%
3%
São Tomé and Príncipe29.2%
3%

Score Distribution

Percentile by Number Answered

Percent of People with Each Score

Your Score History

You have not taken this quiz